| 000 | 00631nam a22001935i 4500 | ||
|---|---|---|---|
| 001 | 173609 | ||
| 003 | ES-MaACL | ||
| 005 | 20230906215304.0 | ||
| 008 | 091214s2006 ag |||| | spa d | ||
| 080 | _a929 Panadero, Juan | ||
| 100 | 1 |
_aRiera, Ermes Juan Pablo. _9141792 |
|
| 245 | 1 | 0 |
_aJuan Panadero _b: antes... y después.. / _cErmes Juan Pablo Riera, Aida Luz Riera, Juan Ahuerma Zalazar. |
| 260 |
_aSalta : _bMilor, _c[2006] |
||
| 300 |
_a201 p. : _bil. ; _c22 cm. |
||
| 600 | 1 | 4 |
_aPanadero, Juan. _9141793 |
| 700 | 1 |
_aRiera, Aida Luz. _9141794 |
|
| 700 | 1 |
_aAhuerma Zalazar, Juan. _9141795 |
|
| 852 |
_aES-MaACL _jC-44495 |
||
| 999 |
_c173609 _d173609 |
||